Information Is Beautiful (Record no. 41421)

MARC details
000 -LEADER
fixed length control field 00360nam a2200133Ia 4500
008 - FIXED-LENGTH DATA ELEMENTS--GENERAL INFORMATION
fixed length control field 240719s9999 xx 000 0 und d
041 ## - LANGUAGE CODE
Language code of text/sound track or separate title eng
082 ## - DEWEY DECIMAL CLASSIFICATION NUMBER
Classification number 813.6 MCC
100 ## - MAIN ENTRY--PERSONAL NAME
Personal name Mcdandless, David
245 ## - TITLE STATEMENT
Title Information Is Beautiful
260 ## - PUBLICATION, DISTRIBUTION, ETC.
Place of publication, distribution, etc. London
Name of publisher, distributor, etc. WILLIAM COLLINS
Date of publication, distribution, etc. 2012
300 ## - PHYSICAL DESCRIPTION
Extent 255;. P. 26 Cm
520 ## - SUMMARY, ETC.
Summary, etc. Faculty Purchase By Dr. S. Maheswaran
Holdings
Withdrawn status Lost status Damaged status Not for loan Home library Current library Shelving location Date acquired Cost, normal purchase price Full call number Barcode Date last seen Price effective from Koha item type Public note
        IMTN IMTN Rack 38-A 07/28/2023 1081.00 813.6 MCC 33116 07/19/2024 05/07/2023 Books Gifted
Designed & Maintained by: LRC IMT Nagpur Contact: lrc@imtnag.ac.in© 2024. All Rights Reserved.